000 00562nam a2200193 4500
001 144870
003 ES-MaACL
005 20250804062747.0
007 t|
008 070214s1907 gw r ||||1| ger d
080 _a1
100 1 _aSimmel, Georg.
_9106480
245 1 0 _aDie Probleme der Geschichts philosophie
_b: eine erkenntuistheoretische studie /
_cGeorg Simmel.
260 _aLeipzig :
_bDuncker & Humblot,
_c1907.
300 _aIX, 179 p. ;
_c23 cm.
650 0 7 _aFilosofĂ­a
_2embne
_912802
852 _aES-MaACL
_jG-6092
999 _c144870
_d144870